Workmen's compensation act and other social insurance legislations (union and state)/ (Record no. 3003)
[ view plain ]
| 000 -LEADER | |
|---|---|
| fixed length control field | 01024cam a22003011 4500 |
| 001 - CONTROL NUMBER | |
| control field | 3003 |
| 003 - CONTROL NUMBER IDENTIFIER | |
| rucl marc code | BD-RjUL |
| 005 - DATE AND TIME OF LATEST TRANSACTION | |
| control field | 20211208233646.0 |
| 008 - FIXED-LENGTH DATA ELEMENTS--GENERAL INFORMATION | |
| fixed length control field | 850815s1959 ii l 001 0 eng |
| 035 ## - SYSTEM CONTROL NUMBER | |
| System control number | (BD-RjUL)3031 |
| System control number | (OCoLC)12389516 |
| 040 ## - CATALOGING SOURCE | |
| Original cataloging agency | DLC |
| Transcribing agency | CLU |
| Modifying agency | DLC |
| Language of cataloging | eng |
| 041 ## - LANGUAGE CODE | |
| Language code of text/sound track or separate title | eng |
| 082 ## - DEWEY DECIMAL CLASSIFICATION NUMBER | |
| Edition number | 16 |
| Classification number | 331.825 |
| Author mark and year | WOR 1959 |
| 110 1# - MAIN ENTRY--CORPORATE NAME | |
| Corporate name or jurisdiction name as entry element | India (Republic) |
| Form subheading | Laws, statutes, etc. |
| 9 (RLIN) | 8832 |
| 245 10 - TITLE STATEMENT | |
| Title | Workmen's compensation act and other social insurance legislations (union and state)/ |
| Statement of responsibility, etc. | Jnanendra Nath Baksi and Jitendra Kumar Mitra. |
| 250 ## - EDITION STATEMENT | |
| Edition statement | 2d ed. |
| 260 ## - PUBLICATION, DISTRIBUTION, ETC. (IMPRINT) | |
| Place of publication, distribution, etc. | Calcutta : |
| Name of publisher, distributor, etc. | S.C. Sarkar, |
| Date of publication, distribution, etc. | 1959 |
| 300 ## - PHYSICAL DESCRIPTION | |
| Pagination | xiii, 418 p. |
| Size | 23 cm. |
| 526 ## - STUDY PROGRAM INFORMATION NOTE | |
| Requested Dept. | Sociology |
| 650 #0 - SUBJECT ADDED ENTRY--TOPICAL TERM | |
| Topical term or geographic name as entry element | Workers' compensation |
| General subdivision | Law and legislation |
| Geographic subdivision | India. |
| 9 (RLIN) | 9566 |
| Topical term or geographic name as entry element | Maternal and infant welfare |
| General subdivision | Law and legislation |
| Geographic subdivision | India |
| General subdivision | States. |
| 9 (RLIN) | 9567 |
| 700 1# - ADDED ENTRY--PERSONAL NAME | |
| Personal name | Baksi, Jnanendra Nath, |
| Relator term | ed. |
| Personal name | Mitra, Jitendra Kumar, |
| Relator term | ed. |
| 942 ## - ADDED ENTRY ELEMENTS (KOHA) | |
| Source of classification or shelving scheme | Dewey Decimal Classification |
| Koha item type | Books |
| Lost status | Source of classification or shelving scheme | Damaged status | Not for loan | Collection code | Permanent Location | Current Location | Shelving location | Date acquired | Source of acquisition | Cost, normal purchase price | Total Checkouts | Full call number | Date last seen | Copy number | Koha item type |
|---|---|---|---|---|---|---|---|---|---|---|---|---|---|---|---|
| Dewey Decimal Classification | Non-fiction | Central Library, University of Rajshahi | Central Library, University of Rajshahi | 20/06/1963 | Zeitlinger | 15.00 | 331.825 WOR 1959 | 17/12/2013 | C-2 | Books |